00376nam a22001457a 4500003000400000020001800004082001700022100002000039245004700059250000800106260003100114300000800145650003000153653004700183SGT a9789386056788 a615.85bH24S aSHARMA, MADHURI aHOSPITAL WASTE MANAGEMENT & ITS MONITORING a2ND aINDIA bJAAYPEE PUB c2024 a121 aHOSPITAL WASTE MANAGEMENT aHOSPITAL WASTE MANAGEMENT & ITS MONITORING